| 000 | 01923nam0a2200349 4500 | ||
|---|---|---|---|
| 001 | RU\NLR\bibl\279098 | ||
| 005 | 20260407134013.0 | ||
| 010 |
_a5-89282-068-8 _9200 |
||
| 035 | _a(NLR Aleph) 000274598 | ||
| 090 |
_a1606128 _c1606128 |
||
| 100 | _a20020620d2001 |||y0rusy50 ca | ||
| 101 | 0 | _arus | |
| 102 | _aRU | ||
| 105 | _aa ||||||||| | ||
| 200 | 1 |
_aРоссия - Индия : перспективы регионального сотрудничества (г.Самара.) _fРос. акад. наук, Ин-т востоковедения _g[Ред.-сост. Г.М. Кузнецова] |
|
| 210 |
_aМ. _cИн-т востоковедения _d2001 |
||
| 215 |
_a137 с. _cил. _d20 |
||
| 320 | _aБиблиогр. в примеч. в конце ст. | ||
| 607 |
_aРоссия _jСъезды, совещания и т.п. _xВзаимоотношения с Индией _92170635 _3RU\NLR\auth\661305749 |
||
| 607 |
_aРоссия _jСъезды, совещания и т.п. _xВзаимоотношения _yИндия _92219920 _3RU\NLR\auth\661333075 |
||
| 607 |
_aИндия _jСъезды, совещания и т.п. _xВзаимоотношения с Россией _91169022 _3RU\NLR\auth\66468904 |
||
| 607 |
_aИндия _jСъезды, совещания и т.п. _xВзаимоотношения _yРоссия _92219923 _3RU\NLR\auth\661333076 |
||
| 686 | _aТ3(2)0-64(5Ид)я431 | ||
| 686 | _aТ3(5Ид)0-64(2)я431 | ||
| 702 | 1 |
_4220 _7ca _8rus _aКузнецова _bГ. М. _cвостоковед _gГалина Михайловна _9186271 _3RU\NLR\AUTH\770186322 |
|
| 712 | 0 | 2 |
_4570 _aИнститут востоковедения _cМосква _3RU\NLR\AUTH\8810000899 _9498968 |
| 801 | 0 |
_aRU _bNLR _c20020620 _gPSBO |
|
| 801 | 1 |
_aRU _bNLR _c20020620 |
|
| 942 | _cBOOK | ||
| 980 | _aNB | ||